| 000 | 00828nam a2200265Ia 4500 | ||
|---|---|---|---|
| 003 | OSt | ||
| 005 | 20221005062100.0 | ||
| 006 | a|||||r|||| 00| 0 | ||
| 007 | ta | ||
| 008 | 221004b |||||||| |||| 00| 0 eng d | ||
| 020 |
_a9780415664462 (hbk) _c1471.83 |
||
| 024 | _a5161 | ||
| 037 |
_bCBS/17, 31/05/2013, Classic Book Service _cTextual |
||
| 040 |
_aCRL _cCRL _beng |
||
| 041 |
_2eng _aeng |
||
| 082 | _aR3xL70:g, P2;Q3 | ||
| 100 | _aStern Robert | ||
| 245 | 0 | _aRoutledge guidebook to Hegel's phenomenology of spirit | |
| 260 |
_aLondon _bRoutledge UK _c2013 |
||
| 300 |
_axix, 272p. _ccm. |
||
| 490 | _aRoutledge guides to the great books | ||
| 650 | _aPHILOSOPHY | ||
| 942 |
_hR3xL70:g, P2;Q3 _cTEXL _2cc |
||
| 999 |
_c969169 _d969169 |
||